书目信息 |
| 题名: |
穿过沼泽地
|
|
| 作者: | 津渡 著 | |
| 分册: | ||
| 出版信息: | 武汉 长江文艺出版社 2016 |
|
| 页数: | 209页 | |
| 开本: | 21cm | |
| 丛书名: | ||
| 单 册: | ||
| 中图分类: | I227.1 | |
| 科图分类: | ||
| 主题词: | 新诗--xin shi--诗集--中国--当代 | |
| 电子资源: | ||
| ISBN: | 978-7-5354-9150-3 | |
| 000 | 00869nam0 22002291 450 | |
| 001 | 0122100610 | |
| 005 | 20170322100610.0 | |
| 010 | @a978-7-5354-9150-3@b精装@dCNY48.00 | |
| 100 | @a20170122d2016 em y0chiy50 ea | |
| 101 | 0 | @achi |
| 102 | @aCN@b420000 | |
| 105 | @aa z 000gy | |
| 106 | @ar | |
| 200 | 1 | @a穿过沼泽地@9chuan guo zhao ze di@f津渡著 |
| 210 | @a武汉@c长江文艺出版社@d2016 | |
| 215 | @a209页@c图@d21cm | |
| 330 | @a本书是诗人津渡的一部诗集,收录诗人近年的诗歌百余首,包括《海边》《水黾》《木柴堆场的麻雀》《树顶的光线》《和女儿去农场》《塔尔寺晚眺》《落日颂》《近景中的苏格拉底》《那西塞斯》《柠檬桉》《雨后》《路仲,朱淑真故居》《铁轨》《祖母的忌日》等作品。 | |
| 606 | 0 | @a新诗@9xin shi@x诗集@y中国@z当代 |
| 690 | @aI227.1@v5 | |
| 701 | 0 | @a津渡@9jin du@f(1974.11-)@4著 |
| 801 | 0 | @aCN@bTANGWEI@c20170308 |
| 905 | @b0958078-81@dI227.1@e404@f4 | |
| 穿过沼泽地/津渡著.-武汉:长江文艺出版社,2016 |
| 209页:图;21cm |
| ISBN 978-7-5354-9150-3(精装):CNY48.00 |
| 本书是诗人津渡的一部诗集,收录诗人近年的诗歌百余首,包括《海边》《水黾》《木柴堆场的麻雀》《树顶的光线》《和女儿去农场》《塔尔寺晚眺》《落日颂》《近景中的苏格拉底》《那西塞斯》《柠檬桉》《雨后》《路仲,朱淑真故居》《铁轨》《祖母的忌日》等作品。 |
| ● |
| 相关链接 |
|
|
|
|
正题名:穿过沼泽地
索取号:I227.1/404
 
预约/预借
| 序号 | 登录号 | 条形码 | 馆藏地/架位号 | 状态 | 备注 |
| 1 | 0958078 | 209580782 | 第一样本阅览室/ [索取号:I227.1/404] | 在馆 | |
| 2 | 0958079 | 209580791 | 第二借阅区/ [索取号:I227.1/404] | 在馆 | |
| 3 | 0958080 | 209580808 | 第二借阅区/ [索取号:I227.1/404] | 在馆 | |
| 4 | 0958081 | 209580817 | 第二借阅区/ [索取号:I227.1/404] | 在馆 |